000 00621nam a2200205Ii 4500
003 JO-AjNU
008 230605s9999||||xx |||||||||||||| ||und||
040 _aJO-AjNU
_bara
_erda
_cJO-AjNU
041 _aara
050 1 4 _aBP165.5.G422 1983
100 3 _aالغزالي,
_eauthor
_936473
245 0 0 _aالإقتصاد في الإعتقاد
250 _aط1
264 3 1 _aبيروت: دار الكتب العلمية، 1983
300 _a166ص
336 _atext
_btxt
_2rdacontent
337 _aunmediated
_bn
_2rdamedia
338 _avolume
_bnc
_2rdacarrier
650 4 _aعلم الكلام- الايمان
_936474
999 _aA15157
_c18725
_d18725